| 000 | 00453nam a2200181Ia 4500 | ||
|---|---|---|---|
| 001 | 1886 | ||
| 005 | 20260306143801.0 | ||
| 008 | 260306t2014||||xx |||||||||||||| ||spa|| | ||
| 041 | _aESP | ||
| 082 |
_a158.1 _bC32 |
||
| 100 |
_aCastanyer Mayer-Spiess, Olga _eAUT |
||
| 245 | 0 |
_aLa asertividad: _bexpresión de una sana autoestima |
|
| 260 | _c2014 | ||
| 300 |
_a179 páginas : _c21 cm. |
||
| 650 | _aGEN | ||
| 654 | _aCPS | ||
| 942 |
_cLIB _dJUS _fJUS _2ddc _n |
||
| 999 |
_c1886 _d1886 |
||